=LDR 00000nam 2200000 4500 =001 INLIS000000000031777 =005 20130612133830 =008 ***********************************ind** =035 ##$$0010-061300000031777 =041 ##$$a ind =082 ##$$a 423.1 =090 ##$$a R. 423.1, Bud k =100 ##$$a BUDIONO =245 ##$$a Kamus Lengkap 5 Miliard, Inggris - Indonesia - Indoneasia - Inggris, Budiono =260 ##$$a [20-?...] $b Jakarta =300 ##$$a vi,656 hlm., Ilus., 20 cm =650 ##$$a BAHASA INGGRIS - INDONESIA - KAMUS =850 ##$$a NBPNMAT